| 000 | 00593nam a2200181Ia 4500 | ||
|---|---|---|---|
| 003 | OSt | ||
| 005 | 20260328102142.0 | ||
| 008 | 211028s2010 xx 000 0 und d | ||
| 040 | _cAIMIT LIBRARY | ||
| 041 | _aeng | ||
| 082 | _a658.15 GONA | ||
| 100 |
_aGonsalves, Allan;Dias, Beena. _g816005 _96388 |
||
| 245 | _aAn analysis of labour shortage problem in clay tile industry and suggest measure to overcome the same with reference to Rego and sons clay tile factory, Mangalore / | ||
| 260 |
_bDias, Beena _c2010 |
||
| 600 |
_aFinance _96389 |
||
| 650 |
_aFinance _96390 |
||
| 942 |
_2ddc _cPRO |
||
| 999 |
_c218221 _d218221 |
||